000 01250nam a22002777a 4500
008 130821s1998 xxuab gr eng
020 _a292781539
040 _aCo-BoUCM
_bspa
041 0 0 _aeng
245 0 4 _aThe second conquest of Latin America coffee, henequen, and oil during the export boom, 1850-1930
_ceditado por Steven C. Topik y Allen Wells
260 _aAustin (Texas, Estados Unidos)
_bInstitute of Latin American Studies, University of Texas Press
_c1998
300 _aviii, 271 páginas
_bgráficas, mapas
490 0 _aILAS critical reflections on Latin America
504 _aIncluye referencias bibliográficas e índice.
650 0 4 _aComercio exterior
_zAmérica Latina
_911201
650 0 4 _aComercio
_911192
650 0 4 _aExportaciones
_xHistoria
_zAmérica Latina
_915457
650 0 4 _aHenequén
_xHistoria
_zAmérica Latina
_916745
650 0 4 _aIndustria del café
_xHistoria
_zAmérica Latina
_917429
650 0 4 _aIndustria del petróleo
_xHistoria
_zAmérica Latina
_97729
650 0 4 _aMercado de exportación
_zAmérica Latina
_919340
700 1 _aTopik, Steven C.
_eed.
_9167129
700 1 _aWells, Allen
_d1951-
_eed.
_9167130
942 _a7
_e1
_kR
_mS445
_cLIBRO
_2DEWEY
_h382.6
999 _c68133
_d68133